000 00406nam a2200193Ia 4500
001 12586
003 GE_BSU
008 181216s||||||||xx |||||||||||||| ||und||
020 _a9780747264866
040 _cGE_BSU
080 _a821.111-32
100 _aMansell,Jill
245 _aMillie's Fling
260 _aLondon
260 _c2001
300 _a566p.18cm.
653 _aMillie's Fling
942 _cBK
999 _c45759
_d45759